<?xml version="1.0" encoding="UTF-8"?>
<record
    xmlns:xsi="http://www.w3.org/2001/XMLSchema-instance"
    xsi:schemaLocation="http://www.loc.gov/MARC21/slim http://www.loc.gov/standards/marcxml/schema/MARC21slim.xsd"
    xmlns="http://www.loc.gov/MARC21/slim">

  <leader>03036cam a22003135a 4500</leader>
  <controlfield tag="001">18081078</controlfield>
  <controlfield tag="005">20201128024029.0</controlfield>
  <controlfield tag="008">140325t2014    caua   frb    001 0 eng d</controlfield>
  <datafield tag="020" ind1=" " ind2=" ">
    <subfield code="a">9781609949648</subfield>
  </datafield>
  <datafield tag="040" ind1=" " ind2=" ">
    <subfield code="a">DLC</subfield>
    <subfield code="b">eng</subfield>
    <subfield code="c">DLC</subfield>
    <subfield code="d">DLC</subfield>
    <subfield code="d">EG-ScBUE</subfield>
  </datafield>
  <datafield tag="082" ind1="0" ind2="4">
    <subfield code="2">22</subfield>
    <subfield code="a">658.4083</subfield>
    <subfield code="b">ZHE</subfield>
  </datafield>
  <datafield tag="100" ind1="1" ind2=" ">
    <subfield code="a">Zhexembayeva, Nadya.</subfield>
  </datafield>
  <datafield tag="245" ind1="1" ind2="0">
    <subfield code="a">Overfished ocean strategy :</subfield>
    <subfield code="b">powering up innovation for a resource-deprived world /</subfield>
    <subfield code="c">Nadya Zhexembayeva.</subfield>
  </datafield>
  <datafield tag="260" ind1=" " ind2=" ">
    <subfield code="a">San Francisco :</subfield>
    <subfield code="b">Berrett-Koehler Publishers,</subfield>
    <subfield code="c">c.2014.</subfield>
  </datafield>
  <datafield tag="300" ind1=" " ind2=" ">
    <subfield code="a">vii, 195 p. :</subfield>
    <subfield code="b">ill. ;</subfield>
    <subfield code="c">25 cm.</subfield>
  </datafield>
  <datafield tag="500" ind1=" " ind2=" ">
    <subfield code="a">Index : p. 189-194.</subfield>
  </datafield>
  <datafield tag="504" ind1=" " ind2=" ">
    <subfield code="a">Bibliography : p. 175-187.</subfield>
  </datafield>
  <datafield tag="505" ind1="8" ind2=" ">
    <subfield code="a">Machine generated contents note:  Where Are the Fish? The New Competitive Reality -- The Death of Green...or Is Your Marriage Sustainable? -- The Overfished Ocean Strategy: Five Secrets That Make It Work -- One: From Line to Circle -- Two: From Vertical to Horizontal -- Three: From Growth to Growth -- Four: From Plan to Model -- Five: From Department to Mindset -- Conclusion: What Should Business Do.</subfield>
  </datafield>
  <datafield tag="520" ind1=" " ind2=" ">
    <subfield code="a">" We are living amidst a remarkable transformation. The linear, throwaway economy of today--in which we extract resources, create products, use them, and throw them away like a cheap plastic fork--is rapidly coming to a close. We are, simply put, running out of things to mine and places to trash.  A new economy is being born, one that takes this line and turns it into a circle. Resource scarcity--the overfished ocean--is the reality virtually every company is swimming in. Those managers who deeply understand and master this shift will be able to turn the new reality into disruptive innovation and remarkable competitive advantage.  Overfished Ocean Strategy offers five essential principles for developing products and services for this new reality. A business owner herself, Nadya Zhexembayeva fills the book with examples of companies that are already successfully navigating the overfished ocean. Unlike less-farsighted companies, they are not making "green" products as a sideline for a niche market but rather have made dealing with resource scarcity the central, driving force of their entire strategy. As these innovators ride ahead of the wave, new products, new business models, new markets, and new profits follow. You can join them, or you can be left standing on the shore"--</subfield>
  </datafield>
  <datafield tag="520" ind1=" " ind2=" ">
    <subfield code="a">"Business is waking up to a global shortage of resources of every kind. Raw materials are running out, whether in Tokyo or Quito. While businesses have toyed with the idea of sustainability as a means to market to eco-minded consumers, this book shows that scarcity must become central to their thinking and the key driver of strategic innovation"--</subfield>
  </datafield>
  <datafield tag="650" ind1=" " ind2="7">
    <subfield code="a">Sustainable development.</subfield>
    <subfield code="2">BUEsh</subfield>
    <subfield code="9">3569</subfield>
  </datafield>
  <datafield tag="650" ind1=" " ind2="7">
    <subfield code="a">Recycling (Waste, etc.)</subfield>
    <subfield code="2">BUEsh</subfield>
    <subfield code="9">2023</subfield>
  </datafield>
  <datafield tag="650" ind1=" " ind2="7">
    <subfield code="a">Scarcity.</subfield>
    <subfield code="2">BUEsh</subfield>
  </datafield>
  <datafield tag="650" ind1=" " ind2="7">
    <subfield code="a">Green marketing.</subfield>
    <subfield code="2">BUEsh</subfield>
  </datafield>
  <datafield tag="650" ind1=" " ind2="7">
    <subfield code="a">Natural resources</subfield>
    <subfield code="x">Management</subfield>
    <subfield code="2">BUEsh</subfield>
    <subfield code="9">28504</subfield>
  </datafield>
  <datafield tag="651" ind1=" " ind2=" ">
    <subfield code="2">BUEsh</subfield>
  </datafield>
  <datafield tag="653" ind1=" " ind2=" ">
    <subfield code="b">BUSBOL</subfield>
    <subfield code="c">November2016</subfield>
  </datafield>
  <datafield tag="942" ind1=" " ind2=" ">
    <subfield code="2">ddc</subfield>
  </datafield>
  <datafield tag="999" ind1=" " ind2=" ">
    <subfield code="c">23399</subfield>
    <subfield code="d">23371</subfield>
  </datafield>
  <datafield tag="952" ind1=" " ind2=" ">
    <subfield code="0">0</subfield>
    <subfield code="1">0</subfield>
    <subfield code="2">ddc</subfield>
    <subfield code="4">0</subfield>
    <subfield code="7">0</subfield>
    <subfield code="8">Baccah</subfield>
    <subfield code="a">MAIN</subfield>
    <subfield code="b">MAIN</subfield>
    <subfield code="c">1ST</subfield>
    <subfield code="d">2016-11-30</subfield>
    <subfield code="e">Purchase</subfield>
    <subfield code="g">224.00</subfield>
    <subfield code="h">3644</subfield>
    <subfield code="l">0</subfield>
    <subfield code="o">658.4083 ZHE</subfield>
    <subfield code="p">000040161</subfield>
    <subfield code="r">2025-07-15 00:00:00</subfield>
    <subfield code="v">280.00</subfield>
    <subfield code="y">BB</subfield>
  </datafield>
</record>
